[Event "Challenge"]
[Site "http://www.queenalice.com/game.php?id=363873"]
[Date "2008.3.1"]
[Round "-"]
[White "Chupaca"]
[Black "Borat__Sagdiyev"]
[Result "0-1"]
[WhiteElo "1624"]
[BlackElo "1721"]

1. d4 d5 2. Nc3 e6 3. e4 Bb4 4. exd5 exd5 5. Nf3 c5 6. Bd2 cxd4 7. Bb5+ Bd7 8.
Nxd4 Nf6 9. Nf5 O-O 10. Bd3 Qc8 11. Nxd5 Nxd5 12. Qf3 Bxd2+ 13. Kxd2 Bc6 14. Qg3
g6 15. Nh6+ Kg7 16. Qe5+ Kxh6 17. h4 f6 18. Qd6 Kg7 19. Rag1 Qg4 20. c4 Nb4 21.
f3 Qh5 22. Qxb4 a5 23. Qe7+ Kg8 24. c5 Na6 25. Bc4+ Bd5 26. b3 Bxc4 27. bxc4
Rad8+ 28. Ke2 Rde8 0-1

[Event "AUTO-INT-891"]
[Site "http://www.queenalice.com/game.php?id=398613"]
[Date "2008.5.6"]
[Round "1"]
[White "Borat__Sagdiyev"]
[Black "marcoferrari"]
[Result "1-0"]
[WhiteElo "1700"]
[BlackElo "1529"]

1. e4 e5 2. Nf3 d6 3. Bc4 h6 4. d3 a6 5. Nc3 Nf6 6. d4 exd4 7. Qxd4 Nc6 8. Qd5
Be6 9. Qd3 Nb4 10. Qd4 Nxc2+ 11. Ke2 1-0

[Event "AUTO-INT-891"]
[Site "http://www.queenalice.com/game.php?id=398626"]
[Date "2008.5.6"]
[Round "1"]
[White "Nando_Oliveira"]
[Black "Borat__Sagdiyev"]
[Result "1-0"]
[WhiteElo "1727"]
[BlackElo "1666"]

1. e4 e5 2. Bc4 Nf6 3. Nc3 Bc5 4. h3 Nc6 5. d3 Bb4 6. Bd2 Nd4 7. a3 Bxc3 8. Bxc3
Nc6 9. Nf3 h6 10. Bxe5 Qe7 11. Bxc7 b6 12. Bf4 O-O 13. O-O a6 14. Qd2 b5 15. Bb3
d6 16. Rfe1 Ne5 17. Nxe5 dxe5 18. Bg3 Nh5 19. Bd5 Bb7 20. Bxb7 Qxb7 21. Bxe5
Rae8 22. Bd6 g5 23. Bxf8 Kxf8 24. Qe2 Nf4 25. Qf3 Rc8 26. Rac1 Qc6 27. Re3 h5
28. g3 Nxh3+ 29. Kg2 g4 30. Qf5 Qh6 31. Qxc8+ Kg7 32. Rh1 Qf6 33. Rxh3 gxh3+ 34.
Qxh3 Qxb2 35. Qxh5 Kf8 36. Qc5+ Kg7 37. d4 Qa2 38. Qg5+ Kf8 39. Rc3 Qe6 40. Qc5+
Kg7 41. Qe5+ Kg6 42. Qxe6+ f6 43. Qg4+ Kf7 44. Rc7+ Kf8 45. Qc8# 1-0

[Event "AUTO-INT-891"]
[Site "http://www.queenalice.com/game.php?id=398627"]
[Date "2008.5.6"]
[Round "1"]
[White "Borat__Sagdiyev"]
[Black "Nando_Oliveira"]
[Result "0-1"]
[WhiteElo "1702"]
[BlackElo "1716"]

1. e4 e5 2. Nf3 d6 3. Bc4 h6 4. d4 exd4 5. Qxd4 Qf6 6. e5 dxe5 7. Nxe5 Be6 8.
Bxe6 Qxe6 9. O-O Nc6 10. Qc3 Qxe5 11. Qxe5+ Nxe5 12. Bf4 Bd6 13. Re1 f6 14. b3
O-O-O 15. a4 Nc6 16. Re4 Bxf4 17. Rxf4 Nge7 18. Nc3 Nd5 19. Nxd5 Rxd5 20. c4 Rd3
21. Rb1 Rhd8 22. g3 Rd1+ 23. Rxd1 Rxd1+ 24. Kg2 Ne5 25. b4 Nd3 26. Rd4 Rd2 27.
Kf3 Ne5+ 28. Ke3 Ra2 29. a5 Ra3+ 30. Ke4 Nc6 31. c5 Nxd4 32. Kxd4 Rf3 33. Kd5
Rxf2 34. b5 Rxh2 35. c6 bxc6+ 36. Kxc6 Rc2+ 37. Kd5 Kd7 38. Ke4 Ke6 0-1

[Event "AUTO-INT-891"]
[Site "http://www.queenalice.com/game.php?id=398636"]
[Date "2008.5.6"]
[Round "1"]
[White "Borat__Sagdiyev"]
[Black "Raimundo"]
[Result "0-1"]
[WhiteElo "1746"]
[BlackElo "1696"]

1. e4 c6 2. Nf3 d5 3. e5 Bf5 4. d4 h6 5. Bd3 Bxd3 6. Qxd3 e6 7. c4 Nd7 8. O-O
Qb6 9. Nc3 Bb4 10. Na4 Qa5 11. b3 Nb6 12. a3 Be7 13. c5 Nxa4 14. Bd2 Qc7 15.
bxa4 b6 16. cxb6 axb6 17. Rab1 Rxa4 18. Rfe1 Rxa3 19. Rb3 Rxb3 20. Qxb3 Bd8 21.
Bc1 Ne7 22. g4 O-O 0-1

[Event "AUTO-INT-891"]
[Site "http://www.queenalice.com/game.php?id=398637"]
[Date "2008.5.6"]
[Round "1"]
[White "Raimundo"]
[Black "Borat__Sagdiyev"]
[Result "1-0"]
[WhiteElo "1714"]
[BlackElo "1711"]

1. d4 d5 2. c4 dxc4 3. e3 Nc6 4. Bxc4 e6 5. Nf3 Bb4+ 6. Bd2 Nf6 7. Bxb4 Nxb4 8.
Qa4+ Nc6 9. O-O O-O 10. Nc3 a6 11. Rfe1 b5 12. Bxb5 Bd7 13. Bxc6 Rb8 14. Bxd7
Nxd7 15. Qxa6 Rxb2 16. Rab1 Qb8 17. Rxb2 Qxb2 18. Qa5 Qc2 19. Qxc7 Nf6 20. Qc6
Ng4 21. Rf1 g6 22. h3 Nf6 23. Ne5 1-0

[Event "AUTO-OPEN-991"]
[Site "http://www.queenalice.com/game.php?id=453799"]
[Date "2008.8.26"]
[Round "2"]
[White "Borat__Sagdiyev"]
[Black "mg23campos"]
[Result "0-1"]
[WhiteElo "1625"]
[BlackElo "1807"]

1. e4 e5 2. Nf3 Nc6 3. Bc4 h6 4. d4 Na5 5. b3 Bb4+ 6. c3 Bd6 7. dxe5 Bc5 8. Qd5
Qe7 9. b4 c6 10. Qd3 b5 11. Bb3 Nxb3 12. Bb2 Bxb4 13. cxb4 Nxa1 14. e6 dxe6 15.
Bxa1 a5 16. O-O e5 17. Nxe5 Qe6 18. Rd1 Bb7 0-1

[Event "AUTO-OPEN-991"]
[Site "http://www.queenalice.com/game.php?id=453800"]
[Date "2008.8.26"]
[Round "2"]
[White "mg23campos"]
[Black "Borat__Sagdiyev"]
[Result "1-0"]
[WhiteElo "1797"]
[BlackElo "1637"]

1. e4 e5 2. Nf3 Nc6 3. Bc4 Bc5 4. d3 Bxf2+ 5. Kxf2 h6 6. Nc3 d6 7. Nb5 a6 8. Nc3
b5 9. Bd5 Bb7 10. h4 Qe7 11. Ng5 hxg5 12. hxg5 Rxh1 13. Qxh1 O-O-O 14. a4 f6 15.
axb5 Nb4 16. bxa6 Nxa6 17. Nb5 fxg5 18. Qg1 c6 19. Na7+ 1-0

[Event "Challenge"]
[Site "http://www.queenalice.com/game.php?id=466928"]
[Date "2008.9.22"]
[Round "-"]
[White "Glasgow_Rangers"]
[Black "Borat__Sagdiyev"]
[Result "1-0"]
[WhiteElo "1837"]
[BlackElo "1679"]

1. e4 e5 2. Nf3 Nc6 3. Nc3 Bc5 4. a3 Nf6 5. h3 d6 6. d3 d5 7. exd5 Nxd5 8. Bd2
O-O 9. Be2 Nf4 10. Bxf4 a5 11. Bxe5 Bf5 12. Nb5 Nxe5 13. Nxe5 c6 14. Nc3 1-0

[Event "AUTO-INT-1109"]
[Site "http://www.queenalice.com/game.php?id=495571"]
[Date "2008.11.19"]
[Round "1"]
[White "Borat__Sagdiyev"]
[Black "DALECIO_RAZIEL"]
[Result "0-1"]
[WhiteElo "1548"]
[BlackElo "1437"]

1. e4 d5 2. Nf3 dxe4 3. Ng5 f5 4. Bc4 Nh6 5. d3 exd3 6. cxd3 a6 7. Qb3 b5 8.
Bf7+ Nxf7 9. Nxf7 Be6 10. Qxe6 Qd7 11. Qb3 Rg8 12. Ne5 Qd4 13. Qxg8 Qxe5+ 14.
Kf1 h6 15. Nc3 b4 16. f4 Qd4 17. Ne2 Qxd3 18. Kf2 Nd7 19. b3 e5 0-1

[Event "AUTO-INT-1109"]
[Site "http://www.queenalice.com/game.php?id=495572"]
[Date "2008.11.19"]
[Round "1"]
[White "DALECIO_RAZIEL"]
[Black "Borat__Sagdiyev"]
[Result "1-0"]
[WhiteElo "1415"]
[BlackElo "1570"]

1. e4 e5 2. d4 exd4 3. Qxd4 Nc6 4. Qe3 b6 5. Bb5 Bc5 6. Qg3 Nf6 7. Qxg7 Rf8 8.
Bxc6 dxc6 9. Bg5 Be7 10. Bxf6 Bxf6 11. Qxh7 Be6 12. Qh5 Qd7 13. c3 O-O-O 14. Qe2
Rfe8 15. Qa6+ Kb8 16. f3 Qd1+ 17. Kf2 Qc2+ 18. Qe2 Qxe2+ 19. Kxe2 Bd5 20. Nd2
1-0

[Event "AUTO-INT-1109"]
[Site "http://www.queenalice.com/game.php?id=495573"]
[Date "2008.11.19"]
[Round "1"]
[White "Borat__Sagdiyev"]
[Black "QuinhoFogo"]
[Result "0-1"]
[WhiteElo "1580"]
[BlackElo "1735"]

1. e4 e5 2. Nf3 Nc6 3. Bc4 Bc5 4. O-O Nd4 5. d3 d6 6. Ng5 Be6 7. Bxe6 fxe6 8. c3
Nc6 9. Nxe6 Qe7 10. Qg4 Nf6 11. Nxg7+ Kf8 12. Nf5 Nxg4 13. Nxe7 Nxe7 14. Be3 Ke8
15. h3 Nxe3 16. fxe3 Bxe3+ 17. Kh2 Ng6 18. Rf3 Bf4+ 19. g3 Bc1 0-1

[Event "AUTO-INT-1109"]
[Site "http://www.queenalice.com/game.php?id=495574"]
[Date "2008.11.19"]
[Round "1"]
[White "QuinhoFogo"]
[Black "Borat__Sagdiyev"]
[Result "1-0"]
[WhiteElo "1724"]
[BlackElo "1591"]

1. e4 e5 2. Nf3 Nc6 3. Nc3 Bc5 4. Bc4 h6 5. Qe2 d6 6. Bb5 Bg4 7. h3 Bxf3 8. Qxf3
Nf6 9. Nd5 O-O 10. d3 Nd4 11. Nxf6+ Qxf6 12. Qxf6 Nxc2+ 13. Kf1 gxf6 14. Bxh6
Nxa1 15. Ba4 Rfc8 16. Ke2 a5 17. Rxa1 c6 18. g4 b5 19. Bc2 d5 20. f3 1-0

[Event "AUTO-INT-1109"]
[Site "http://www.queenalice.com/game.php?id=495575"]
[Date "2008.11.19"]
[Round "1"]
[White "Borat__Sagdiyev"]
[Black "Kabelosvic"]
[Result "0-1"]
[WhiteElo "1616"]
[BlackElo "1710"]

1. e4 e5 2. Nf3 Nc6 3. Bc4 h6 4. d4 Nf6 5. dxe5 Nxe4 6. O-O d6 7. Bd5 Bf5 8.
Bxf7+ Kxf7 9. e6+ Bxe6 10. Nc3 Nxc3 11. bxc3 Be7 12. Rb1 Bxa2 13. Rxb7 Bf6 14.
Rb5 Bc4 15. Rf5 Bxf1 16. Kxf1 Re8 0-1

[Event "AUTO-INT-1109"]
[Site "http://www.queenalice.com/game.php?id=495576"]
[Date "2008.11.19"]
[Round "1"]
[White "Kabelosvic"]
[Black "Borat__Sagdiyev"]
[Result "1-0"]
[WhiteElo "1722"]
[BlackElo "1602"]

1. e4 e5 2. f4 Nc6 3. Nf3 Bc5 4. fxe5 d6 5. Bb5 Nh6 6. d4 Bb6 7. O-O Bg4 8.
Bxc6+ bxc6 9. exd6 Qxd6 10. Nc3 O-O 11. Be3 Bxf3 12. Qxf3 f5 13. e5 Qg6 14. d5
f4 15. Bxb6 cxb6 16. dxc6 Qxc2 17. Rf2 Qf5 18. Raf1 1-0

[Event "AUTO-INT-1200"]
[Site "http://www.queenalice.com/game.php?id=538558"]
[Date "2009.2.11"]
[Round "1"]
[White "Hermano"]
[Black "Borat__Sagdiyev"]
[Result "1-0"]
[WhiteElo "1889"]
[BlackElo "1565"]

1. e4 e5 2. Nf3 Nc6 3. Bc4 Bc5 4. d3 d6 5. Ng5 Nh6 6. h3 Be6 7. Bxe6 fxe6 8.
Nxe6 Qd7 9. Qh5+ Nf7 10. Nxg7+ Kd8 11. Bg5+ Nxg5 12. Qxg5+ Ne7 13. Nf5 Rg8 14.
Qxe7+ 1-0

[Event "AUTO-INT-1200"]
[Site "http://www.queenalice.com/game.php?id=538559"]
[Date "2009.2.11"]
[Round "1"]
[White "Borat__Sagdiyev"]
[Black "Hermano"]
[Result "0-1"]
[WhiteElo "1562"]
[BlackElo "1892"]

1. e4 e5 2. Nf3 Nc6 3. Bc4 h6 4. d4 exd4 5. Nxd4 Bb4+ 6. c3 Bc5 7. Qf3 Qf6 8.
Bf4 d6 9. O-O Bxd4 10. cxd4 Nxd4 11. Qc3 Be6 12. Na3 Bxc4 13. Qxc4 Ne6 14. Rae1
Nxf4 0-1

[Event "AUTO-INT-1200"]
[Site "http://www.queenalice.com/game.php?id=538575"]
[Date "2009.2.11"]
[Round "1"]
[White "Borat__Sagdiyev"]
[Black "Patt"]
[Result "0-1"]
[WhiteElo "1559"]
[BlackElo "1363"]

1. e4 e5 2. Nf3 Bc5 3. Bc4 Nf6 4. Nxe5 Nc6 5. Nxf7 Qe7 6. Nxh8 Nxe4 7. O-O Nxf2
8. Rxf2 Bxf2+ 9. Kxf2 Nd4 10. Bf7+ Kd8 11. c3 Ne2 12. Qxe2 Qxe2+ 13. Kxe2 d5 14.
d4 Bg4+ 0-1